[Event "Lyon op"]
[Site "Lyon"]
[Date "2015.04.19"]
[Round "7"]
[White "Schwartz, Pierre"]
[Black "Wackenthaler, Julien"]
[Result "0-1"]
[WhiteElo "1555"]
[BlackElo "1399"]
[PlyCount "78"]
[EventDate "2015.04.15"]
[EventType "swiss"]
[EventRounds "7"]
[EventCountry "FRA"]
[SourceTitle "EXT 2016"]
[Source "ChessBase"]
[SourceDate "2015.10.08"]
[SourceVersion "1"]
[SourceVersionDate "2015.10.08"]
[SourceQuality "1"]

1. d4 f5 2. c4 Nf6 3. Nc3 e6 4. Bf4 d6 5. Nf3 Be7 6. h3 Nbd7 7. e3 0-0 8. Ng5 Nb6 9. a4 a5 10. Bd3 Qe8 11. 0-0 Nh5 12. Re1 e5 13. dxe5 dxe5 14. Qb3 Kh8 15. g4 fxg4 16. hxg4 Bxg4 17. Nxh7 exf4 18. Nxf8 Qxf8 19. Ne4 fxe3 20. Rxe3 Qf4 21. c5 Bh4 22. Bc2 Nd5 23. Ree1 Bf3 24. Kf1 Qg4 25. Rec1 Qg2+ 26. Ke1 Bxe4 27. Bxe4 Qxf2+ 28. Kd1 Ne3+ 29. Qxe3 Rd8+ 30. Qd3 Rxd3+ 31. Bxd3 Nf4 32. Bc4 Ng2 33. Be2 Ne3+ 34. Kd2 Bg5 35. Rh1+ Kg8 36. Kd3 Qf5+ 37. Kc3 Qxc5+ 38. Kb3 Qd5+ 39. Ka3 Nc2# 0-1